=LDR 00000nam 2200000 4500 =001 INLIS000000000002558 =005 20130612090903 =008 ***********************************Ind** =035 ##$$0010-061300000002558 =041 ##$$a Ind =082 ##$$a 616.12 =090 ##$$a 616.12, Hul p =100 ##$$a Hull, Alison =245 ##$$a Penyakit jantung, hipertensi dan nutrisi, Alison Hull; Penerjemah, Wendia Ali =260 ##$$a 1993 $b Jakarta =300 ##$$a ix,85 hlm, ilus, 21 cm =650 ##$$a Penyakit Jantung =700 ##$$a Ali, Wendia =850 ##$$a NBPNMAT